000 00553nam a2200181Ia 4500
003 OSt
005 20260202113830.0
008 210210b1930 xxu||||| |||| 00| 0 eng d
040 _cAL
041 _aKannada
082 _a853/24
100 _aALASINGARACHARYA
_992297
_dಅಳಸಿಂಗಾರಾಚಾರ್ಯ
245 _aKarnataka svapnavasavadatta nataka
_bಕರ್ಣಾಟಕ ಸ್ವಪ್ನವಾಸವದತ್ತ ನಾಟಕ
260 _aMadarasu
_b-
_c1930
690 _aKannada Drama
_992298
906 _a019296
942 _2ddc
_cBK
999 _c143417
_d143417